Chương trình minh họa FoxPro; T1 Giải thuật căn bản

Na minha lista:
Detalhes bibliográficos
Autor principal: Ông Văn Thông
Formato: Livro
Idioma:Undetermined
Publicado em: Tp. HCM Thống Kê 1996
Assuntos:
Tags: Adicionar Tag
Sem tags, seja o primeiro a adicionar uma tag!
Thư viện lưu trữ: Trung tâm Học liệu Trường Đại học Cần Thơ
LEADER 00578nam a2200181Ia 4500
001 CTU_30683
008 210402s9999 xx 000 0 und d
082 |a 005.7565 
082 |b Th455/T1 
100 |a Ông Văn Thông 
245 0 |a Chương trình minh họa FoxPro; T1 
245 0 |b Giải thuật căn bản 
245 0 |c Ông Văn Thông 
260 |a Tp. HCM 
260 |b Thống Kê 
260 |c 1996 
650 |a database management - computer programs,foxpro ( computer programs language ) 
980 |a Trung tâm Học liệu Trường Đại học Cần Thơ